000 00629nam a2200241Ia 4500
003 OSt
005 20220918182221.0
006 a|||||r|||| 00| 0
007 ta
008 220917b |||||||| |||| 00| 0 eng d
024 _a31,316
037 _cTextual
040 _aARTS
_cARTS
_beng
041 _2eng
_aeng
082 _aO111,6M19:g, L9
100 _aConner Patrick
_959884
245 0 _aSavage Ruskin
260 _aLondon
_bThe Micmillan UK
_c1979
300 _axiv,189p.
_ccm.
650 _aENGLISH LITERATURE
942 _hO111,6M19:g, L9
_cTEXL
_2CC
999 _c168223
_d168223